Paraná - Núcleos Regionais de Educação - Statistics

Estatísticas Gerais
  • Esse quiz foi jogado 14 vezes
  • A pontuação média é 18 de 32
Respostas no mapa
Respostas codificadas por cores de uma escala verde-vermelha no mapa do quiz de acordo com a % correta abaixo.
 
Estatísticas das Respostas
Resposta % Correto
Curitiba
100%
Londrina
89%
Maringá
89%
Cascavel
78%
Foz do Iguaçu
78%
Ponta Grossa
78%
Apucarana
67%
Campo Mourão
67%
Cianorte
67%
Guarapuava
67%
Paranaguá
67%
Paranavaí
67%
Umuarama
67%
Francisco Beltrão
56%
Ivaiporã
56%
Jacarezinho
56%
Pato Branco
56%
Pitanga
56%
Toledo
56%
Assis Chateaubriand
44%
Cornélio Procópio
44%
Irati
44%
Loanda
44%
Telêmaco Borba
44%
União da Vitória
44%
Área Metropolitana Norte
33%
Área Metropolitana Sul
33%
Goioerê
33%
Laranjeiras do Sul
33%
Wenceslau Braz
33%
Dois Vizinhos
22%
Ibaiti
11%
Nenhum quiz correspondente encontrado
Distribuição das Pontuações
Porcentagem de Pessoas com Cada Pontuação
Percentil de Números Respondidos
Sua Pontuação Histórica
Você não jogou esse quiz